Сравнительная типология англ. и рус. яз.. (Запис № 280478)

МАРК-запис
000 -LEADER
fixed length control field 00263nam a22001097a 4500
041 ## - LANGUAGE CODE
Language code of text/sound track or separate title eng
080 ## - UNIVERSAL DECIMAL CLASSIFICATION NUMBER
Universal Decimal Classification number 80
100 ## - MAIN ENTRY--PERSONAL NAME
Personal name Аракин, В. Д.
245 ## - TITLE STATEMENT
Title Сравнительная типология англ. и рус. яз..
650 ## - SUBJECT ADDED ENTRY--TOPICAL TERM
Topical term or geographic name as entry element EFL
942 ## - ADDED ENTRY ELEMENTS (KOHA)
Koha item type Книги
Фонди
Withdrawn status Lost status Source of classification or shelving scheme Damaged status Not for loan Home library Current library Date acquired Source of acquisition Cost, normal purchase price Total Checkouts Full call number Barcode Date last seen Price effective from Koha item type
    Universal Decimal Classification     ВІЛ - Відділ іноземн. літератури НБ ВІЛ - Відділ іноземн. літератури НБ 08/08/2005 Акт № 5\05 5.00   80 205851 03/11/2021 26/12/2005 Книги
    Universal Decimal Classification     ВІЛ - Відділ іноземн. літератури НБ ВІЛ - Відділ іноземн. літератури НБ 08/08/2005 Акт № 5\05 5.00   80 205852 03/11/2021 26/12/2005 Книги
    Universal Decimal Classification     ВІЛ - Відділ іноземн. літератури НБ ВІЛ - Відділ іноземн. літератури НБ 08/08/2005 Акт № 5\05 5.00   80 205853 03/11/2021 26/12/2005 Книги